[Event "Politiken Cup 37th"]
[Site "Helsingor"]
[Date "2015.07.29"]
[Round "6"]
[White "Glud, Jakob Vang"]
[Black "Hammer, Jon Ludvig"]
[Result "0-1"]
[WhiteElo "2531"]
[BlackElo "2677"]
[Annotator "Fischer,J"]
[PlyCount "60"]
[EventDate "2015.07.25"]
[EventType "swiss"]
[EventRounds "10"]
[EventCountry "DEN"]
[SourceTitle "CBM 167 Extra"]
[Source "ChessBase"]
[SourceDate "2015.09.14"]
[SourceVersion "1"]
[SourceVersionDate "2015.09.14"]
[SourceQuality "1"]

1. d4 Nf6 2. c4 e6 3. Nf3 d5 4. Nc3 Bb4 5. cxd5 exd5 6. Bf4 Ne4 7. Rc1 Nc6 8.
g3 Bf5 9. Qb3 $6 {Nach diesem frühen Damenausflug übernimmt Schwarz die
Initiative. Besser war der unaufgeregte Entwicklungszug 9.Lg2 mit Ausgleich.}
a5 $1 10. a3 a4 11. Qa2 Bxc3+ 12. bxc3 Na5 {Schwarz hat die Eröffnungsphase
eindeutig für sich entschieden. Im weiteren Verlauf der Partie hält Hammer
den Vorteil fest und spielt konsequent auf die weißen Bauernschwächen a3, c3
und e2.} 13. Nd2 Nxd2 14. Bxd2 Nb3 15. Rd1 O-O 16. Bg2 Re8 17. Bf4 Ra6 18. O-O
Rae6 19. Rfe1 b5 20. f3 c6 21. h4 h6 22. h5 Na5 23. e4 $5 {Weiß will sich aus
seiner gedrückten Stellung befreien und verschärft das Tempo.} dxe4 24. d5
cxd5 25. Rxd5 Qb6+ 26. Be3 $6 {Das gibt Schwarz Gelegenheit zu einer schönen
Kombination. Besser war laut Engine} (26. Qf2 Qxf2+ 27. Kxf2 exf3 28. Rxe6 fxe6
29. Rxb5 fxg2 30. Rxa5 {und Weiß hat zwar einen Bauern mehr, aber kann dank
der ungleichfarbigen Läufer noch von Remis träumen.}) 26... exf3 27. Bxb6
Rxe1+ 28. Kf2 ({Nach} 28. Bf1 R8e2 29. Rd2 {gewinnt Schwarz durch} Bd3) ({
und nach} 28. Kh2 {gewinnt} R8e2) 28... fxg2 29. Kxg2 Bb1 $1 {Ein wichtiger
Zwischenzug.} ({Weniger genau ist} 29... R8e2+ 30. Qxe2 Rxe2+ 31. Kf3 Re6 32.
Rd8+ Kh7 33. Bxa5 {und Weiß kann noch kämpfen.}) 30. Qd2 Nb3 0-1

[Event "Leon"]
[Site "Leon"]
[Date "1990.??.??"]
[Round "10"]
[White "Braga, Fernando Alberto"]
[Black "Sion Castro, Marcelino"]
[Result "1-0"]
[WhiteElo "2480"]
[BlackElo "2365"]
[Annotator "Ftacnik,L"]
[PlyCount "55"]
[EventDate "1990.06.??"]
[EventType "tourn"]
[EventRounds "11"]
[EventCountry "ESP"]
[EventCategory "9"]
[SourceTitle "CBM 020"]
[Source "ChessBase"]
[SourceDate "1991.02.01"]
[SourceVersion "1"]
[SourceVersionDate "1991.02.01"]
[SourceQuality "1"]

1. d4 Nf6 2. Nf3 d5 3. c4 e6 4. Nc3 Nbd7 5. Bg5 Bb4 6. cxd5 exd5 7. e3 c5 8.
Qc2 Qa5 9. Bd3 c4 10. Bf5 O-O 11. O-O Bxc3 $6 12. bxc3 Re8 13. Nd2 g6 14. Bxd7
Nxd7 15. Bh4 $1 {N} (15. Rfe1 Nb6 16. f3 Bd7 17. Rac1 Na4 18. Bf4 Re6 19. e4
Rae8 20. Nf1 (20. e5 Rb6 $1) 20... f5 21. Be5 dxe4 22. fxe4 Nc5 $1 $17 {
Smejkal,J-Blatny,P/Praha CS-ch/1989/ ->CBM 14}) 15... Nb6 16. e4 $1 Bd7 17.
Rfe1 Na4 (17... Ba4 18. Qc1 Bc6 19. e5 $40) 18. Rac1 f5 (18... Re6 19. exd5 Rb6
20. Ne4 Rb2 21. Nf6+ Kg7 22. Qe4 $18) 19. e5 Re6 20. Nf3 Rb6 21. Qd2 Be6 (21...
Rb2 22. Qh6 Nxc3 23. Bf6 $18) 22. Qh6 Qb5 23. Bf6 Qd7 24. Ng5 Re8 25. f4 Rc6
26. Re3 Re7 27. Rh3 Rc7 28. Qxg6+ $1 {Ftacnik,L} 1-0

[Event "Toledo"]
[Site "Toledo"]
[Date "1991.??.??"]
[Round "4"]
[White "Ubilava, Elizbar"]
[Black "Braga, Fernando Alberto"]
[Result "1-0"]
[WhiteElo "2535"]
[BlackElo "2445"]
[Annotator "Ftacnik,L"]
[PlyCount "98"]
[EventDate "1991.02.??"]
[EventType "tourn"]
[EventRounds "9"]
[EventCountry "ESP"]
[EventCategory "8"]
[SourceTitle "CBM 022"]
[Source "ChessBase"]
[SourceDate "1991.06.01"]
[SourceVersion "1"]
[SourceVersionDate "1991.06.01"]
[SourceQuality "1"]

1. c4 e6 2. d4 Nf6 3. Nc3 d5 4. Bg5 Nbd7 5. e3 Bb4 6. Nf3 c5 7. cxd5 exd5 8.
Bd3 Qa5 9. Qc2 c4 10. Bf5 O-O 11. O-O Re8 12. Rfc1 $5 {N} (12. Nd2) 12... g6 (
12... Bxc3 13. Qxc3 Qxc3 14. bxc3 Ne4 15. Rab1 $14) 13. Bxd7 Nxd7 14. a3 Bf8 $6
(14... Bxc3 $5 15. bxc3 Nb6 $132) 15. b4 $1 cxb3 16. Qxb3 Nb6 17. Qb5 $1 Qxb5
18. Nxb5 Be6 (18... Re4 19. Nc7 Rb8 20. Bf4 $18) 19. Nc7 Nc4 20. a4 Bd6 21.
Nxa8 Rxa8 22. Bf6 Na5 23. Ra2 Nc6 24. Ne5 Nb4 25. Raa1 a5 26. h3 Kf8 27. g4 Ke8
28. Rc3 Rb8 29. Kg2 b5 30. axb5 Rxb5 31. Nc6 (31. Rac1 Bxe5 32. Bxe5 Na2 33.
Rc5 $18) 31... Nxc6 32. Rxc6 Bb4 33. Ra6 Bc8 34. Ra8 Kd7 35. Rc1 Bb7 36. Rd8+
Ke6 37. Be5 Rb6 (37... a4 38. Rc7 f6 39. Re8+) 38. Rc7 Bc6 39. Rh8 Ra6 40. Rxh7
Be8 41. Rh8 Ra8 42. h4 a4 43. h5 a3 44. h6 a2 45. Rxe8+ Rxe8 46. Ra7 Be7 47.
Ra6+ Kd7 48. Bg7 Bf8 49. Bxf8 Rxf8 {Ftacnik,L} 1-0

[Event "Warsaw"]
[Site "Warsaw"]
[Date "1990.??.??"]
[Round "8"]
[White "Epishin, Vladimir"]
[Black "Tischbierek, Raj"]
[Result "1/2-1/2"]
[WhiteElo "2550"]
[BlackElo "2440"]
[Annotator "Ftacnik,L"]
[PlyCount "61"]
[EventDate "1990.01.??"]
[EventType "tourn"]
[EventRounds "13"]
[EventCountry "POL"]
[EventCategory "9"]
[SourceTitle "CBM 017"]
[Source "ChessBase"]
[SourceDate "1990.08.01"]
[SourceVersion "1"]
[SourceVersionDate "1990.08.01"]
[SourceQuality "1"]

1. d4 Nf6 2. Nf3 e6 3. c4 d5 4. Nc3 Bb4 5. cxd5 exd5 6. Bg5 Nbd7 7. e3 c5 8.
Bb5 Qa5 9. Bxd7+ (9. Bxf6 Qxb5 10. Bxg7 Rg8 11. Be5 Rxg2 12. Bg3 Nf6 13. Ne5
Be6 14. Rc1 Ne4 $13 {Miralles,G-Tatai,S/Haifa ETC/1989/ -> TD 89/12}) 9... Bxd7
10. Bxf6 (10. O-O Bxc3 11. bxc3 Ne4 12. Qb3 Bc6 $10) 10... Bxc3+ 11. bxc3 Qxc3+
12. Nd2 gxf6 13. dxc5 (13. Rc1 Qd3 14. Rxc5 Rg8 $132) 13... Rg8 14. Rc1 Qd3 15.
g3 (15. Qf3 $4 Bg4 $19) 15... Bg4 16. f3 $8 Qxe3+ 17. Qe2 Qxe2+ 18. Kxe2 Bd7
19. Nb3 Bb5+ 20. Kd2 O-O-O 21. Nd4 $44 Bc4 22. Rc3 Rge8 23. Ra3 a6 24. Rb1 Re7
25. Rb6 Rde8 26. c6 (26. Rxf6 $5 $36) 26... Rc7 27. cxb7+ Rxb7 28. Rxf6 Rb2+
29. Kc3 Rb1 30. Nb3 Re7 31. Nd2 {Ftacnik,L} 1/2-1/2

[Event "Prague Bohemians-A"]
[Site "Prague"]
[Date "1990.??.??"]
[Round "?"]
[White "Schmidt, Wlodzimierz"]
[Black "Rogers, Ian"]
[Result "1/2-1/2"]
[WhiteElo "2465"]
[BlackElo "2515"]
[Annotator "Ftacnik,L"]
[PlyCount "74"]
[EventDate "1990.01.??"]
[EventType "tourn"]
[EventRounds "13"]
[EventCountry "CZE"]
[EventCategory "8"]
[SourceTitle "CBM 017"]
[Source "ChessBase"]
[SourceDate "1990.08.01"]
[SourceVersion "1"]
[SourceVersionDate "1990.08.01"]
[SourceQuality "1"]

1. Nf3 Nf6 2. c4 e6 3. Nc3 d5 4. d4 Nbd7 5. Bg5 Bb4 6. e3 c5 7. cxd5 exd5 8.
Bd3 Qa5 9. Qc2 c4 10. Bf5 O-O 11. O-O Re8 12. Nd2 g6 13. Bh3 Bxc3 14. bxc3 Ne4
15. Nxe4 dxe4 16. Bh6 {N} (16. Bxd7 Bxd7 17. Bf4 $10) 16... Nb6 17. Bxc8 Raxc8
18. f3 Qf5 (18... f5 $5 {/\ Nd5}) 19. Rab1 Rc6 20. fxe4 Qxe4 21. Qf2 f6 22. Qg3
g5 23. Rb5 Kh8 (23... Qg6 $2 24. Bxg5) 24. h4 $8 Qxh4 25. Qxh4 gxh4 26. a4 h3
27. gxh3 Nxa4 28. Rxb7 Rg8+ 29. Kf2 Nxc3 30. Kf3 Ra6 31. Rc1 Ra3 32. Rc7 Nb5
33. R7xc4 a5 34. Bf4 Rd8 35. Kg4 Kg7 36. Rb1 Rd5 37. Rc5 Nc3 $13 {Ftacnik,L}
1/2-1/2

[Event "FRA-NED"]
[Site "Cannes"]
[Date "1990.??.??"]
[Round "4"]
[White "Miralles, Gilles"]
[Black "Sosonko, Gennadi"]
[Result "1/2-1/2"]
[WhiteElo "2460"]
[BlackElo "2525"]
[Annotator "Ftacnik,L"]
[PlyCount "34"]
[EventDate "1990.02.??"]
[EventType "schev"]
[EventRounds "10"]
[EventCountry "FRA"]
[SourceTitle "CBM 018"]
[Source "ChessBase"]
[SourceDate "1990.10.01"]
[SourceVersion "1"]
[SourceVersionDate "1990.10.01"]
[SourceQuality "1"]

1. c4 e6 2. Nc3 d5 3. d4 Bb4 4. cxd5 exd5 5. Nf3 Nf6 6. Bg5 h6 7. Bh4 g5 8. Bg3
Ne4 9. Nd2 Nxc3 10. bxc3 Bxc3 11. Rc1 Bb2 $5 {N} (11... Bxd2+ $6 12. Qxd2 Nc6
13. h4 $16) (11... Ba5) 12. Bxc7 (12. Rxc7 Nc6 {x Rc7} 13. e3) 12... Qe7 13.
Bd6 (13. Be5 Bxc1 14. Qxc1 O-O $1) 13... Qe6 (13... Qd8 14. Rc2 Bxd4 15. Nb3
Bg7 16. Qxd5 $36) 14. Rc2 Bxd4 15. Ba3 Nc6 16. e4 $5 (16. e3 Bd7 17. Be2 Bb6
18. O-O O-O-O $13) 16... Bd7 $1 (16... dxe4 17. Bc4 (17. Nxe4 $5 f5 18. Bc4 Qe5
19. Bd6 Qg7 20. Nc5 $40) 17... Qe5 18. O-O (18. Nxe4 Bf5 (18... f5 19. Bd6) 19.
Bd6 Qg7 20. Qf3 Qg6 $13) 18... Bf5 (18... e3 19. Nf3 $40) 19. Nf3 exf3 20. Re1
Be4 21. Bd3 f5 22. gxf3 O-O-O $13) 17. Nb3 Bb6 {Ftacnik,L} (17... Bb6 18. Qxd5
O-O-O $13) 1/2-1/2

[Event "RUS-chT 17th"]
[Site "Dagomys"]
[Date "2010.04.02"]
[Round "2"]
[White "Gasanov, Eldar"]
[Black "Vitiugov, Nikita"]
[Result "0-1"]
[WhiteElo "2514"]
[BlackElo "2710"]
[Annotator "Ftacnik,L"]
[PlyCount "62"]
[EventDate "2010.04.01"]
[EventType "team-tourn"]
[EventRounds "9"]
[EventCountry "RUS"]
[SourceTitle "EXT 2020"]
[Source "ChessBase"]
[SourceDate "2019.10.17"]
[SourceVersion "1"]
[SourceVersionDate "2019.10.17"]
[SourceQuality "1"]
[WhiteTeam "Belgorod BelGu"]
[BlackTeam "Sankt Petersburg Chess Federation"]
[WhiteTeamCountry "RUS"]
[BlackTeamCountry "RUS"]

1. d4 d5 2. c4 e6 3. Nf3 Nf6 4. Nc3 Bb4 5. cxd5 exd5 6. Bg5 Nbd7 7. e3 c5 8.
Be2 Qa5 9. O-O c4 10. Nd2 {White would normally try to defend the c3-pawn, but
standard moves enable Black to benefit from the weakness of the e4-square.} (
10. Qc2 Bxc3 11. bxc3 Ne4) 10... Bxc3 11. bxc3 Qxc3 12. e4 $5 {The opening of
the centre is introducing an important phase of the game. The defender would
love to minimise the conflict until the moment when his development is
finished. The goal for White is just the opposite and much more valuable than
material for him is time.} Nxe4 13. Nxe4 dxe4 14. Rc1 Qa5 15. Bd2 Qf5 {
Vitiugov is not having an easy time, since White's compensation in the shape
of active pieces could become really unpleasant.} (15... Qb6 16. Rxc4 O-O 17.
d5 Qg6 18. Bb4 Ne5 19. Rc3 Rd8 20. Be7 Re8 21. Rg3 Qb6 22. d6 Be6 23. Qa1 Ng6
24. Rb1 Qc5 25. Rxb7 $14 {0-1 Vovk,Y (2575)-Onischuk,A (2684)/Alushta 2009 (39)
}) 16. Rxc4 (16. Bb4 a5 17. Ba3 b5 18. f3 Qg5 19. Rc3 b4 20. Bc1 Qe7 21. Re3
O-O 22. fxe4 c3 23. Rg3 Kh8 24. e5 Ba6 25. Rh3 Bxe2 26. Qxe2 $15 {1-0
Kazhgaleyev,M (2643)-Yemelin,V (2570)/St Petersburg 2009 (37)}) 16... O-O 17.
Qb3 {In preceding games natural development with the help of 17.Qc2 served
White quite well.} (17. Qc2 Qg6 (17... Nb6 18. Rc5 Qg6 19. Rg5 Qc6 20. Rc5 Qg6
21. Rg5 Qc6 22. Rc5 {1/2-1/2 Giri,A (2552)-Ivanchuk,V (2756)/Hoogeveen 2009})
18. Bf4 (18. Rc1 h6 19. Rc3 Nf6 20. Rg3 Qh7 21. Qc7 Be6 22. Qxb7 Rab8 23. Qe7
Nd5 24. Qa3 $14 {1/2-1/2 Ikonnikov,V (2480)-Palac,M (2495)/Werfen 1991 (35)})
18... Nb6 19. Rc5 Bf5 20. Qb3 Be6 21. d5 Bg4 22. Bxg4 Qxg4 23. Bc7 Qd7 24. d6
$14 {1/2-1/2 Grischuk,A (2733)-Sargissian,G (2667)/Mainz 2009 (29)}) 17... b6
18. Qa3 (18. Rc7 Nf6 19. Rfc1 Be6 20. Qa3 a5 $15) 18... Nf6 19. f3 Bb7 20. fxe4
$2 {[%mdl 64] Gasanov has failed to notice, that the situation on the board
has changed and Black has really managed to complete his development. As a
consequence the rule that any shoot-out should be favourable for White is no
longer valid.} (20. Rc7 Bd5 21. g4 $1 Qg6 22. f4 Ne8 (22... Nxg4 23. f5 Qf6 24.
Bxg4 $16) 23. f5 Qf6 24. Rc2 $11) 20... Qxe4 21. Bf3 Qe6 22. Bxb7 (22. Rc7 Bxf3
23. Qxf3 Qd6 24. Qf4 Qxf4 25. Bxf4 Nd5 26. Rd7 Rfd8 $17) 22... Qxc4 23. Rxf6 (
23. Bxa8 Rxa8 24. Qb2 Re8 $17) 23... Qc2 $1 {The first player was conducting
this phase of the game in a bit of va-banque style. It is not surprisng, that
beside the obvious solutions for Black the position offered also something
more sophisticated.} (23... gxf6 24. Qg3+ Kh8 25. Qf4 Qd3 26. Bxa8 Rxa8 $17)
24. Bxa8 (24. Rf2 Qd1+ 25. Rf1 Qxd2 $19) 24... Qxd2 25. Rf1 (25. Rf2 Qd1+ 26.
Rf1 Qxd4+) 25... Qxd4+ 26. Kh1 Rxa8 27. h3 Qd7 {The reality check for White is
pretty depressing: without two pawns his chances of survival are very close to
zero.} 28. Qf3 (28. Re1 a5 29. Qe7 Qc6 30. Kh2 g6 $17) 28... Re8 29. Rd1 Qc7
30. Qd5 g6 31. a4 Re5 0-1

[Event "EU-ch 13th"]
[Site "Plovdiv"]
[Date "2012.03.21"]
[Round "2"]
[White "Khmelniker, Ilya"]
[Black "Pashikian, Arman"]
[Result "1-0"]
[WhiteElo "2523"]
[BlackElo "2618"]
[Annotator "Ftacnik,L"]
[PlyCount "71"]
[EventDate "2012.03.20"]
[EventType "swiss"]
[EventRounds "11"]
[EventCountry "BUL"]
[SourceTitle "CBM 148"]
[Source "ChessBase"]
[SourceDate "2012.05.16"]
[SourceVersion "1"]
[SourceVersionDate "2012.05.16"]
[SourceQuality "1"]

1. d4 Nf6 2. c4 e6 3. Nf3 d5 4. Nc3 Bb4 5. cxd5 exd5 6. Bg5 h6 7. Bh4 c5 {
The sign of the modern approach to opening chess theory. Black is claiming
that he can behave as ih he were White and try to grab the initiative.} 8. e3
c4 {The second player chooses a grand concept of stabilising the centre. The
white bishop from f1 can not go to the d3-square so a kingside attack is more
dicfficult to achieve. On the other hand Black has invested lot of time.} 9.
Be2 {Khmelniker had to decide between two big ideas. The move 9.Nd2!? would
minimise the dangers lurking along the a5-e1 diagonal, but the knight retreat
does not advance White's development. The bishop move is more risky, but
represents the true logical development.} (9. Nd2 $5) 9... O-O {Both players
are asserting that risk is the commodity they are able to handle well.
Conservative players would swear that Black must quickly catch up with piece
development in order to lessen the risk of a successful attack by White.} (9...
Bf5 10. Rc1 (10. O-O g5 11. Bg3 Bxc3 12. bxc3 Ne4 13. Rc1 Nd7 (13... Qa5 14.
Ne5 $5 O-O (14... Nxc3 $2 15. Rxc3 $1 Qxc3 16. Bh5 (16. Qa4+ Nd7 (16... Kf8 17.
Qb5 $18) 17. Qb5 $16) 16... O-O 17. Qf3 Qc2 18. Bxf7+ $1 Kg7 (18... Rxf7 $2 19.
Qxd5 Bg6 20. Nxf7 Bxf7 21. Qxb7 $18) 19. Qxd5 $18) 15. Bg4 Bh7 (15... Bxg4 16.
Qxg4 Qxa2 17. Qh5 Qa6 18. h4 gxh4 19. Bf4 $40) 16. Bh3 $1 Nc6 (16... f6 17. Qh5
$1 fxe5 18. Bxe5 $1 Qa6 (18... Qb6 19. f3 Nd2 20. Rf2 Nb1 21. Rb2 $1 Qc6 22.
Rxb7 $18) 19. f3 Nd2 20. Rfd1 Nxf3+ 21. gxf3 Bd3 22. f4 Qg6 23. Qxg6+ Bxg6 24.
Bg2 Be4 25. Bxe4 dxe4 26. Rb1 b6 27. fxg5 hxg5 28. Rb5 Nd7 29. Bg3 $16) 17. Qh5
Nxg3 18. fxg3 Nxe5 19. dxe5 Qb6 20. e6 $1 {1-0 (40) Moiseenko,A (2581)
-Aleksandrov,A (2646) Kramatorsk 2001}) 14. Nd2 Nxg3 15. fxg3 $1 Bh7 $1 (15...
Bg6 $6 16. Bh5 $1 O-O (16... Bxh5 17. Qxh5 Qe7 18. Rce1 $5 Nf6 19. Qf3 Ne4 20.
Nxe4 dxe4 21. Qh5 $16) 17. Bxg6 fxg6 18. Qc2 $14) 16. Bg4 $1 (16. Bh5 O-O 17.
Qf3 Bd3 18. Qxd5 Bxf1 19. Rxf1 Qe7 20. Nxc4 Nb6) (16. e4 $6 O-O 17. exd5 (17.
Bf3 b5 $1 18. e5 Nb6 19. Bh5 f6 20. Qg4 (20. e6 Qe7 21. Bf7+ Kg7 $14) 20... Qe7
21. Rce1 f5 $14) 17... b5 18. Bf3 Rb8 $6 (18... Nf6) 19. g4 $6 (19. a4 a6 20.
Be4 f5 21. Bb1 Nb6 22. axb5 axb5 23. Qe2 $1 Qxd5 24. Nf3 $11) 19... Nf6 20. Re1
Nxd5 $11 {1-0 (62) Edouard,R (2600)-Aleksandrov,A (2638) Aix-les-Bains 2011})
16... O-O (16... Bd3 17. Rf2 Qe7 18. Qf3 O-O 19. Bf5 $16) 17. Bf5 $14) 10...
Nc6 11. Ne5 g5 12. Bg3 Ne4 13. O-O Bxc3 14. bxc3 O-O 15. Bg4 Ne7 16. f3 Nxg3
17. hxg3 f6 18. e4 fxe5 19. exf5 exd4 20. Qxd4 Nxf5 $11 {1-0 (30) Sargissian,G
(2671)-Palac,M (2580) Porto Carras 2011}) (9... g5 10. Bg3 Ne4 11. Rc1 (11. O-O
Bxc3 12. bxc3 Nxc3 13. Qc2 Nxe2+ 14. Qxe2 Nc6 15. Ne5 Nxe5 16. Bxe5 f6 17. Bg3
O-O 18. e4 dxe4 19. Qxc4+ Kg7 20. Rac1 $11 {1/2 (31) Gupta,A (2580)
-Miroshnichenko,E (2670) Dubai 2011}) 11... O-O (11... Qa5 12. Ne5 Bxc3+ 13.
bxc3 Nc6 14. O-O O-O 15. Bf3 Nxg3 16. fxg3 Nxe5 17. dxe5 Be6 18. Bh5 Qxa2 19.
Rf6 $11 {0-1 (37) Koneru,H (2600)-Hou,Y (2578) Tirana 2011}) (11... Nc6 12. Ne5
(12. Nd2) 12... O-O 13. O-O Bxc3 14. bxc3 Qe8 15. Bf3 Bf5 16. Bxe4 {1/2 (16)
Hracek,Z (2581)-Dizdar,G (2542) Sibenik 2005}) 12. Nd2 Nxg3 13. hxg3 Kg7 14.
Qa4 Nc6 15. O-O Qa5 16. Qxa5 Bxa5 17. b3 Bxc3 18. Rxc3 b5 19. Bf3 Ne7 20. bxc4
bxc4 21. Rb1 {1/2 (21) Miton,K (2619)-Landa,K (2613) Mulhouse 2011}) 10. O-O g5
11. Bg3 Bxc3 12. bxc3 Ne4 {Pasikhian is logical in his quest to exploit the
modest deployment of White's forces. Unfortunately this leaves his own
queenside pieces temporarily undeveloped.} 13. Rc1 (13. Qc2 Bf5 14. Qb2 Qb6 15.
Qa3 Qa6 16. Qb2 Qb6 17. Qa3 Qa6 {1/2 (17) Zaja,I (2485)-Palac,M (2583) Stari
Mikanovci 2011}) 13... Qa5 14. Ne5 $5 $146 {[%mdl 4] White's novelty is brave,
but a very logical attempt to concentrate on the important things in the
position. The other question is, if it holds tactically.} (14. Qc2 Bf5 15. Qb2
Qb6 16. Qa3 Qa6 17. Qb2 f6 18. Rfd1 Nc6 19. Nd2 Qb6 20. Qa1 Nxd2 21. Rxd2 $14 {
0-1 (56) Moiseenko,A (2669)-Eljanov,P (2751) Odessa 2010}) 14... f6 {Chess
battlles in unbalanced positions are very complicated, so it is not easy to
judge individual moves. Black would be much safer after the brave capture on
c3.} (14... Nxc3 $1 15. Qe1 Nxe2+ 16. Qxe2 Nc6 (16... Nd7 17. e4 Nxe5 18. Bxe5
f6 19. Qh5 Kg7 20. Bd6 Be6 21. Bxf8+ Rxf8 $11) 17. Nxc6 bxc6 18. Qh5 Kg7 19. f4
Qd8 20. Rce1 $11) 15. Ng6 Rf7 16. Bh5 Nc6 $2 {This must be the real reason for
Black's disaster. He should have found the courage for the smart rook move 16..
.Rg7!? trying to fight against the stranded white knight.} (16... Rg7 $5 17. f4
(17. Bxb8 Rxb8 18. f3 Nxc3 19. Qe1 Bf5 $15) 17... Nc6 18. Be1 Bd7 $15) 17. f3
Nxc3 (17... Nxg3 18. hxg3 Qxa2 19. e4 Be6 20. f4 $1 $14) 18. Qc2 Nxa2 {The
knight is drifting away from the kingside and white will have a huge advantage
in number of forces attacking the black king.} (18... Na4 19. f4 g4 20. Be1 Qb5
21. Rb1 Qa6 22. Bh4 $16) 19. Ne5 $1 {A clear example of the situation, that
Black should try to avoid in this opening line. His "victory" on the queenside
will come at the tragic cost of utter defeat on the kingside.} fxe5 (19... Rg7
20. Nxc6 bxc6 21. Ra1 Nb4 22. Qd2 Qb5 23. Rfb1 c3 24. Qxc3 a5 25. Bd6 $16) 20.
Bxf7+ Kxf7 21. Ra1 Qa3 $2 {Black's problems are aggravated by this smart move
hoping for counterplay. The situation was so critical that only the best
defence was good enough to give him a chance to fight on.} (21... Ncb4 $2 22.
Qh7+ Ke8 23. Bxe5 $16) (21... Kg7 $1 22. Rxa2 Qc7 23. Qb2 Be6 24. Bxe5+ Nxe5
25. dxe5 c3 26. Qb3 b6 27. Rc1 Rc8 28. Ra3 $16) 22. Qh7+ Ke8 (22... Ke6 23.
dxe5 Qxe3+ 24. Bf2 $18) 23. Qg6+ Ke7 (23... Kd8 24. Qxh6 Qxe3+ 25. Bf2 Qa3 26.
dxe5 $16) 24. f4 $1 {White chooses real violence, but it is a tested and
efficient strategy against a vulnerable opposing king.} (24. dxe5 $5 Be6 (24...
Nd8 25. f4 $16) 25. f4 $16) 24... Qxe3+ (24... exf4 25. exf4 Qe3+ 26. Bf2 Qd2
27. Rfe1+ $18) 25. Kh1 gxf4 (25... exf4 26. Rfe1 $18) 26. dxe5 {The opening of
the centre was the last thing that the defender could have wished for.} Qa3 (
26... Nxe5 27. Qg7+ Nf7 28. Bxf4 Qe4 29. Rae1 $18) (26... Qxe5 27. Rfe1 fxg3
28. Rxe5+ Nxe5 29. Re1 $18) 27. Rxf4 $6 {White exudes false confidence and
plays a move that must be winning. With a a bit more attention he could have
easily have spotted the line that would finish the game much more easily.} (27.
Bh4+ $1 Kd7 28. Qf7+ Ne7 29. e6+ Kc6 30. Bxe7 $18) 27... Be6 28. Qg7+ (28. Rf6
Nd4 29. Qh7+ Ke8 30. Qh8+ Kd7 31. Qxa8 $18) 28... Ke8 29. Qh8+ Kd7 30. Qxa8 {
White has won material and with two spare exchanges it will not be difficult
to finish the black king.} Qb2 31. Raf1 Nc3 (31... c3 32. Qf8 (32. Rf8 Kc7 33.
R1f7+ Bxf7 34. Rxf7+ Kb6 35. Rxb7+ Ka5 36. Rxb2 cxb2 37. Qb7 Nab4 38. Qh7 $18)
32... Kc7 (32... Ne7 33. Bh4 Nf5 34. Rxf5 $18) 33. Bf2 b6 34. Qg7+ Bd7 35. e6
$18) 32. Qf8 {The huge advantage allows a great choice of solutions so White
is not trying to look for anything complicated.} (32. Rf8 Kc7 33. R1f7+ Bxf7
34. Rxf7+ Kb6 35. Qxb7+ Kc5 36. Qxb2 $18) 32... Qb4 33. Qg7+ (33. Rf7+ Ne7 34.
Bh4 Bxf7 35. Bxe7 Qb6 36. Bc5 $18) 33... Ne7 34. Bh4 Ne2 35. Bxe7 Qxe7 36. Rf7
1-0